অপরাধ বিজ্ঞান পরিচিতি : (Record no. 7001)
[ view plain ]
| 000 -LEADER | |
|---|---|
| fixed length control field | 00694nam a22001937a 4500 |
| 003 - CONTROL NUMBER IDENTIFIER | |
| control field | BUBTL |
| 008 - FIXED-LENGTH DATA ELEMENTS--GENERAL INFORMATION | |
| fixed length control field | 230323b ||||| |||| 00| 0 eng d |
| 082 ## - DEWEY DECIMAL CLASSIFICATION NUMBER | |
| Classification number | 345/ K452c/ 1993 |
| 100 ## - MAIN ENTRY--PERSONAL NAME | |
| 9 (RLIN) | 5258 |
| Personal name | খান, বোরহান উদ্দীন |
| 245 ## - TITLE STATEMENT | |
| Title | অপরাধ বিজ্ঞান পরিচিতি : |
| Remainder of title | খান, বোরহান উদ্দীন |
| 250 ## - EDITION STATEMENT | |
| Edition statement | ২ সং |
| 260 ## - PUBLICATION, DISTRIBUTION, ETC. (IMPRINT) | |
| Place of publication, distribution, etc. | ঢাকা |
| Name of publisher, distributor, etc. | প্রভাতী প্রকাশনী |
| Date of publication, distribution, etc. | c1993 |
| 300 ## - PHYSICAL DESCRIPTION | |
| Extent | 320p. : |
| Other physical details | 21 cm. |
| 650 #0 - SUBJECT ADDED ENTRY--TOPICAL TERM | |
| 9 (RLIN) | 26 |
| Topical term or geographic name as entry element | Law |
| 700 ## - ADDED ENTRY--PERSONAL NAME | |
| 9 (RLIN) | 5258 |
| Personal name | খান, বোরহান উদ্দীন |
| 856 ## - ELECTRONIC LOCATION AND ACCESS | |
| Password | 0 |
| Logon | 0 |
| Link text | Download |
| 942 ## - ADDED ENTRY ELEMENTS (KOHA) | |
| Source of classification or shelving scheme | |
| Koha item type | Books |
| Withdrawn status | Lost status | Source of classification or shelving scheme | Damaged status | Not for loan | Collection code | Permanent location | Current location | Shelving location | Date acquired | Source of acquisition | Inventory number | Total Checkouts | Full call number | Barcode | Date last seen | Copy number | Price effective from | Koha item type | Total Renewals | Date last checked out |
|---|---|---|---|---|---|---|---|---|---|---|---|---|---|---|---|---|---|---|---|---|
| Not For Loan | Non-fiction | Bangladesh University of Business and Technology Library | Bangladesh University of Business and Technology Library | Law Stacks | 07/25/2009 | Purchase | 6871 | 345/ K452c/ 1993 | BUBTL-20036871 | 03/23/2023 | C-1 | 03/23/2023 | Books | |||||||
| Non-fiction | Bangladesh University of Business and Technology Library | Bangladesh University of Business and Technology Library | Law Stacks | 07/25/2009 | Purchase | 6872 | 6 | 345/ K452c/ 1993 | BUBTL-20036872 | 03/25/2024 | C-2 | 03/23/2023 | Books | 1 | 03/18/2024 | |||||
| Not For Loan | Non-fiction | Bangladesh University of Business and Technology Library | Bangladesh University of Business and Technology Library | Law Stacks | 04/08/2007 | Purchase | 3586 | 345/ K452c/ 1993 | BUBTL-20033586 | 03/27/2023 | C-3 | 03/27/2023 | Books |
